000 00486nam a2200169Ia 4500
008 210719s1977 xx 000 0 und d
020 _a0809102161
041 _aeng
082 _a327 MIST
100 _aMISCHE (Gerald) & MISCHE (Patricia)
245 _aToward a human world order beyond the national security straitjacket.
260 _aNY
_bPaulist Press
_c1977
300 _axiii,399
_bPB
365 _cRs
650 _aInternational Relations
906 _aWorld without borders
999 _c213082
_d213082